No es lo mismo ni es igual : (Registro nro. 13651)

Detalles MARC
000 -LIDER
fixed length control field 01971nam a2200349 i 4500
001 - NÚMERO DE CONTROL
Identificador de número de control 000047476
003 - IDENTIFICACDOR DE NÚMERO DE CONTROL
control field DO-SdBNP
005 - DATE AND TIME OF LATEST TRANSACTION
control field 20240726135029.0
007 - CAMPOS FIJOS DE DESCRIPCIÓN FÍSICA
fixed length control field ta
008 - ELEMENTOS DE LONGITUD FIJA
fixed length control field 180704s2017 dr 000 0 spa d
020 ## - ISBN
International Standard Book Number 9789945088809
040 ## - FUENTE DE CATALOGACIÓN
Agencia que crea de manera original el registro DO-SdBNP
Idioma de catalogación spa
Agencia que realiza la transcripción BPMSU
Convenciones de la despripción rda
082 #4 - NÚMERO DE CLASIFICACIÓN DECIMAL DE DEWEY
Classification number 467.7293
Item number P426n 2017
Edition number 22
100 1# - ASIENTO PRINCIPAL -- NOMBRE PERSONAL
Nombre personal Peralta, Luz,
Mención de responsabilidad autor
245 10 - MENCIÓN DE TITULO
Título No es lo mismo ni es igual :
Subtítulo dudas lexicológicas en el lenguaje cotidiano de los dominicanos /
Mención de responsabilidad Luz Peralta ; prólogo, Rafael Peralta Romero.
264 ## - PRODUCTION, PUBLICATION, DISTRIBUTION, MANUFACTURE, AND COPYRIGHT NOTICE
Place of production, publication, distribution, manufacture Santo Domingo :
Name of producer, publisher, distributor, manufacturer Editora Búho,
Date of production, publication, distribution, manufacture, or copyright notice 2017.
300 ## - DESCRIPCIÓN FÍSICA
Extensión 164 páginas ;
Dimensiones 24 cm.
336 ## - CONTENT TYPE
Source rdacontent
Content type term texto
Content type code txt
337 ## - MEDIA TYPE
Source rdamedia
Media type term sin mediación
Media type code n
338 ## - CARRIER TYPE
Source rdacarrier
Carrier type term volumen
Carrier type code nc
500 ## - NOTA GENERAL
Nota general Incluye datos biográficos de la autora en la solapa de la cubierta
504 ## - NOTA DE BIBLIOGRAFÍA, ETC.
Bibliography, etc Bibliografía : p. 163-164
505 0# - NOTA DE CONTENIDO
Texto normalizado de contenido Prólogo -- Nota introductoria -- Lenguaje, lengua y lingüística. Lexicología y léxico. Gramática y sus partes -- Significante. Significado y sus clases. La semántica. Monosemia -- Relaciones semánticas entre palabras. Relaciones independientes, de intersección, de inclusión y de ambigüedad. La polisemia, definición y causas -- ¿Por qué cambian las palabras de significado?. Palabras compuestas, unidas o separadas. Locuciones o expresiones unidas o separadas según su significado. El alfabeto español. Los dígrafos -- Recopilación, en orden alfabético, de términos que generan dudas en el lenguaje cotidiano de los dominicanos -- Palabras que generan dudas en los dígrafos ¨LL¨ y ¨CH¨-- Bibliografía y fuentes de documentación.
590 ## - NOTA LOCAL
Texto de la nota local Inventariado, 2024/ VM
650 #4 - ENCABEZAMIENTO DE MATERIA--TEMÁTICO
Término temático o nombre geográfico como elemento de entrada Dominicanismos
Subdivisión de forma Diccionario
650 #4 - ENCABEZAMIENTO DE MATERIA--TEMÁTICO
Término temático o nombre geográfico como elemento de entrada Cultura popula
650 #4 - ENCABEZAMIENTO DE MATERIA--TEMÁTICO
Término temático o nombre geográfico como elemento de entrada Español
Subdivisión temática general Provincialismos
Subdivisión geográfica República Dominicana
700 1# - ASIENTO SECUNDARIO -- NOMBRE PERSONAL
Nombre personal Peralta Romero, Rafael,
Mención de responsabilidad prólogo
700 z# - ASIENTO SECUNDARIO -- NOMBRE PERSONAL
Nombre personal Romero, Rafael Peralta,
Fechas asociadas con el nombre 1948-
910 ## - VALIDACIÓN
Validación VMateo V. Control de calidad. BPMSU
942 ## - ADDED ENTRY ELEMENTS (KOHA)
Source of classification or shelving scheme Dewey Decimal Classification
Koha item type Libros
Existencias
Withdrawn status Lost status Source of classification or shelving scheme Damaged status Not for loan Collection code Home library Current library Date acquired Total Checkouts Full call number Barcode Date last seen Price effective from Koha item type
    Dewey Decimal Classification     Colección Dominicana Biblioteca Pública Metropolitana Salomé Ureña Biblioteca Pública Metropolitana Salomé Ureña 07/26/2024   BPMSU CD 467.7293 P426n 2017 BPMSUT24070118 07/26/2024 07/26/2024 Libros